Effects of creative accounting on the future of the company
Kreatívne účtovníctvo v akciovej spoločnosti. Jeho výhody a nevýhody. Dôvody deformovania účtovných výkazov akcionármi.
Guardado en:
| Autor principal: | |
|---|---|
| Formato: | Capítulo de libro |
| Lenguaje: | inglés |
| Materias: | |
| Etiquetas: |
Sin Etiquetas, Sea el primero en etiquetar este registro!
|
MARC
| LEADER | 00000naa a2200000 4500 | ||
|---|---|---|---|
| 001 | 0150610 | ||
| 005 | 20231128131221.8 | ||
| 041 | 0 | |a eng | |
| 044 | |a CZ | ||
| 245 | 1 | 0 | |a Effects of creative accounting on the future of the company |c Veronika Fišerová |
| 520 | |a Kreatívne účtovníctvo v akciovej spoločnosti. Jeho výhody a nevýhody. Dôvody deformovania účtovných výkazov akcionármi. | ||
| 610 | 2 | 0 | |a účtovníctvo |
| 610 | 2 | 0 | |a spoločnosti akciové |
| 610 | 2 | 0 | |a akcionári |
| 610 | 2 | 0 | |a výkaz ziskov a strát |
| 610 | 2 | 0 | |a súvaha |
| 100 | 1 | |a Fišerová, Veronika | |